Композиционные материалы на основе полупроводников

Detaylı Bibliyografya
Yazar: Леонов В. В. Виктор Васильевич
Müşterek Yazar: Красноярская государственная академия цветных металлов и золота
Özet:В пособии рассматриваются технологические параметры получения эвтектических композиционных материалов, вид и концентрация примеси, скорость кристаллизации, температура измерения. Основное внимание уделено изменению электропроводности, коэффициента термоЭДС, микротвердости, периода чередования фаз, анизотропии свойств и применению эвтектических сплавов.Для студентов специальностей «Композиционные материалы», «Физическое металловедение», «Геология» и др.
Dil:Rusça
Baskı/Yayın Bilgisi: Красноярск, Изд-во КГАЦМиЗ, 2002
Konular:
Materyal Türü: Kitap
KOHA link:https://koha.lib.tpu.ru/cgi-bin/koha/opac-detail.pl?biblionumber=116942

MARC

LEADER 00000nam0a2200000 4500
001 116942
005 20231031123455.0
010 |a 5815001333 
035 |a (RuTPU)RU\TPU\book\126547 
090 |a 116942 
100 |a 20070529d2002 m y0rusy50 ca 
101 0 |a rus 
102 |a RU 
105 |a a j 001zy 
200 1 |a Композиционные материалы на основе полупроводников  |f В. В. Леонов  |g Красноярская государственная академия цветных металлов и золота 
210 |a Красноярск  |c Изд-во КГАЦМиЗ  |d 2002 
215 |a 144 с.  |c ил. 
320 |a Библиогр.: с. 120. 
330 |a В пособии рассматриваются технологические параметры получения эвтектических композиционных материалов, вид и концентрация примеси, скорость кристаллизации, температура измерения. Основное внимание уделено изменению электропроводности, коэффициента термоЭДС, микротвердости, периода чередования фаз, анизотропии свойств и применению эвтектических сплавов.Для студентов специальностей «Композиционные материалы», «Физическое металловедение», «Геология» и др. 
610 1 |a композиционные материалы 
610 1 |a эвтектические сплавы 
610 1 |a структура 
610 1 |a микротвердость 
610 1 |a электропроводность 
610 1 |a примеси 
610 1 |a концентрация 
610 1 |a фазы 
610 1 |a чередование 
610 1 |a кристаллизация 
610 1 |a скорость 
610 1 |a температура 
610 1 |a влияние 
610 1 |a электрофизические свойства 
610 1 |a получение 
610 1 |a применение 
610 1 |a учебные пособия 
675 |a 620.22-419.8(075.8)  |v 3 
700 1 |a Леонов  |b В. В.  |g Виктор Васильевич 
712 0 2 |a Красноярская государственная академия цветных металлов и золота  |2 stltpush  |3 (RuTPU)RU\TPU\col\5 
801 1 |a RU  |b 63413507  |c 20070529  |g PSBO 
801 2 |a RU  |b 63413507  |c 20070621  |g PSBO 
942 |c BK